| 000 | 00689nam a2200181 a 4500 | ||
|---|---|---|---|
| 005 | 20210219160231.0 | ||
| 008 | 080929s1992 mx r 000 0 spa d | ||
| 035 | _aUPN01000161251 | ||
| 049 | _aUNE | ||
| 080 | _a373.62 (100) =20 "1992" EDU. | ||
| 245 | 0 | 0 |
_aEducation and new information technologies teacher training and research / _ba survey of co-operation projects between universities and schools. |
| 260 |
_aParis : _bOCDE, _c1992. |
||
| 300 | _a238 p. ; | ||
| 690 | _aTecnologia educacional- Universidades | ||
| 690 | _aFormacion de docentes de la enseƱanza profesional | ||
| 710 | 2 | _aOCDE. Organisation for Economic Co-operation and Development (Francia) | |
| 905 | _aUNESCO | ||
| 999 |
_c133364 _d133364 |
||